Największe miasta Szwecji - Statystyki

Ogólne statystyki
  • Ten quiz został rozwiązany 251 razy
  • Średni wynik to 4 z 7
Statystyki odpowiedzi
L.p. Ilość Mieszkańców Miasto % Poprawnych
1 1 372 565 Sztokholm
99%
3 280 415 Malmö
95%
2 549 839 Göteborg
83%
4 140 454 Uppsala
50%
7 104 232 Linköping
31%
6 107 038 Örebro
27%
5 110 877 Västeras
21%
Nie znaleziono quizów pasujących do podanych kryteriów
Rozkład punktacji
Procent ludzi z każdym wynikiem
Percentyl według liczby udzielonych odpowiedzi
Twoja historia wyników
Nie rozwiązałeś tego quizu